000 00720nam a2200289Ia 4500
005 20260324125158.0
008 008 260324s9999 xx 000 0 eng d
020 _a9780429250484
037 _aEBOOK
040 _aCRL
040 _beng
040 _cCRL
041 _2eng
041 _aeng
084 _qCRL
100 _aR. Eric Reidenbach
_91176994
245 0 _aListening to the Voice of the Market
245 0 _bHow to Increase Market Share and Satisfy Current Customers
260 _bTaylor and Francis
260 _c2009
365 _a
365 _b82.99
856 _uhttp://www.taylorfrancis.com/books/9780429250484
942 _cEBOOK
999 _c1772019
_d1772019